| 000 -LEADER |
| fixed length control field |
00633nam a2200205Ia 4500 |
| 001 - CONTROL NUMBER |
| control field |
18424 |
| 003 - CONTROL NUMBER IDENTIFIER |
| control field |
GE_BSU |
| 005 - DATE AND TIME OF LATEST TRANSACTION |
| control field |
20221129160717.0 |
| 008 - FIXED-LENGTH DATA ELEMENTS--GENERAL INFORMATION |
| fixed length control field |
181216s2000||||enk|||||||||||||| ||eng|| |
| 020 ## - INTERNATIONAL STANDARD BOOK NUMBER |
| International Standard Book Number |
9781572242098x |
| 040 ## - CATALOGING SOURCE |
| Transcribing agency |
GE_BSU |
| 041 ## - LANGUAGE CODE |
| Language code of text/sound track or separate title |
eng |
| 080 ## - UNIVERSAL DECIMAL CLASSIFICATION NUMBER |
| Universal Decimal Classification number |
159.9 P-32 |
| 100 ## - MAIN ENTRY--PERSONAL NAME |
| Personal name |
Paterson, Randy J. |
| 9 (RLIN) |
16207 |
| 245 #4 - TITLE STATEMENT |
| Title |
The Assertiveness workbook: |
| Remainder of title |
How to Express Your Ideas and Stand Up for Yourself at Work and in Relationships / |
| Statement of responsibility, etc. |
Randy J. Paterson. |
| 264 ## - PRODUCTION, PUBLICATION, DISTRIBUTION, MANUFACTURE, AND COPYRIGHT NOTICE |
| Place of production, publication, distribution, manufacture |
Oakland : |
| Name of producer, publisher, distributor, manufacturer |
New Harbinger Publications, |
| Date of production, publication, distribution, manufacture, or copyright notice |
2000. |
| 300 ## - PHYSICAL DESCRIPTION |
| Extent |
216 p. ; |
| Other physical details |
26 cm. |
| 653 ## - INDEX TERM--UNCONTROLLED |
| keyword |
ფსიქოლოგია |
| 942 ## - ADDED ENTRY ELEMENTS (KOHA) |
| Koha item type |
წიგნი |
| Source of classification or shelving scheme |
|